Doctor Who - Episodes S11 - Statistiques

Statistiques générales
  • Ce quiz a été pris 11 fois
  • Le résultat moyen est 8 sur 11
Statistiques - réponses
Episodes Titres % Correct
7 Kerblam !
89%
2 Le Monument fantôme
89%
Episode Spécial Nouvel An Résolution
89%
3 Rosa
89%
1 La Femme qui venait d'ailleurs
78%
4 Arachnides au Royaume-Uni
67%
10 La Bataille de Ranskoor Av Kolos
67%
5 Le Casse-tête de Tsuranga
67%
9 De l'autre côté
56%
8 Les Chasseurs de sorcières
56%
6 Les Démons du Penjab
44%
Aucun quiz correspondant
Distribution des résultats
% des personnes avec chaque résultat
Percentile par nombre de réponses
Votre historique - résultats
Vous n’avez pas pris ce quiz